000 00770cam a2200253Ia 4500
008
020 _a9781859464816 (pbk.)
049 _aMAIN
050 4 _aNA2542.3
_bHEY
100 1 _aHeywood, Huw.
245 1 0 _a101 rules of thumb for low energy architecture /
_cHuw Heywood.
260 _aLondon :
_bRiba Pub.,
_cc2012.
300 _a224 p. :
_bill. (some col.) ;
_c19 cm.
500 _aIncludes index.
504 _aIncludes bibliographical references.
650 0 _aArchitecture and energy conservation.
650 0 _aSustainable architecture.
650 0 _aBuildings
_xEnergy conservation.
907 _a.b10369181
_b15-02-16
_c12-02-16
003
005 20231114120745.0
040 _cNUST
942 _cBOOKS
_01
999 _c95902
_d95902